000 00713cab a2200241 4500
001 WB2710-15
008 090401t1991 xxu||||| |||| 00| 0 eng d
035 _a(Sirsi) u28044
041 _aeng
245 _aDownward trend in market continues
260 _c1991
350 _a0
490 _aFinancial Times
_v1/3/91 p10
520 _aAccording to the January 1991 IPD monthly index the downward trend in the market continues unabated on all performance measures
650 _a1973 PROPERTY CRASH
650 _aCAPITAL GROWTH
650 _aPROPERTY MARKET
650 _aRENTAL GROWTH
650 _aYIELDS
690 _aPROPERTY-PROPERTY FINANCE AND INVESTMENT
942 _n0
948 _c04/03/1997
999 _c18914
_d18914